01187nam a2200253 a 450000100100000000500170001000800410002704000250006808200270009311000320012024000250015224500940017725000220027126000600029330000200035359000260037365100490039965100610044865100560050991000380056595201310060395201820073499900170091600003174620200930063141.0110629s1929 dr r 000 0 spa d aDO-SdBNPbspacBNPHU a342.729302bR426c,19292 aRepública Dominicana944710aConstitución(1929)10aConstitución de la República Dominicana :b(proclamada en fecha 20 de junio de 1929). aEdición oficial aSanto Domingo :bJ. R. Vda. García, Sucesores,c1929. a29 p. ;c23 cm. aInventariado, 2019/VM 4aRepública DominicanaxConstitución91008 4aRepública DominicanaxReformas Constitucionales935781 4aRepública DominicanazDerecho Constitucional9449 aValidado. Control de calidad. MFF 0010718PDaPDbPDcHDd2019-03-27iLF2l0o342.729302 R426c,1929p31746-20r2020-06-25te. 2w2020-06-25yLFPDZNo se presta 001050718RVaPDbPDcHDd2011-07-01iLF2l0o342.729302 R426c,1929p31746-10r2020-06-25w2020-06-25y1zPerteneció a la biblioteca personal "Martínez Boog"ZNo se presta c31238d31238